00366nam a2200109 a 450000500170000000800410001702000150005805000310007324500660010426000450017030000410021520140310183147.0030415s19uu xx 00 eng d a0717246779 aPE 1625 b.N535 1995 vol.1 aThe New Lexicon Webster's Dictionary of the English Language. aNew York :bLexicon Publications,c1995. a1149 p. :bill (some col.) ;c28 cm.